<?xml version="1.0" encoding="UTF-8"?>
<record
    xmlns:xsi="http://www.w3.org/2001/XMLSchema-instance"
    xsi:schemaLocation="http://www.loc.gov/MARC21/slim http://www.loc.gov/standards/marcxml/schema/MARC21slim.xsd"
    xmlns="http://www.loc.gov/MARC21/slim">

  <leader>00823nam a2200205Ia 4500</leader>
  <controlfield tag="003">SEM</controlfield>
  <controlfield tag="005">20220608071455.0</controlfield>
  <controlfield tag="008">141116s9999    xx            000 0 und d</controlfield>
  <datafield tag="040" ind1=" " ind2=" ">
    <subfield code="a"> &#x54D;&#x537;&#x544;</subfield>
    <subfield code="c"> &#x54D;&#x537;&#x544;</subfield>
  </datafield>
  <datafield tag="041" ind1="0" ind2=" ">
    <subfield code="a">arm.</subfield>
  </datafield>
  <datafield tag="080" ind1=" " ind2=" ">
    <subfield code="a">891.981-3/&#x544;-16</subfield>
  </datafield>
  <datafield tag="100" ind1="1" ind2=" ">
    <subfield code="a">&#x544;&#x561;&#x56C;&#x56D;&#x561;&#x57D; </subfield>
  </datafield>
  <datafield tag="245" ind1="1" ind2="0">
    <subfield code="a">&#x536;&#x561;&#x580;&#x569;&#x578;&#x576;&#x584;. </subfield>
    <subfield code="c">&#x544;&#x561;&#x56C;&#x56D;&#x561;&#x57D;.</subfield>
  </datafield>
  <datafield tag="260" ind1=" " ind2=" ">
    <subfield code="a">&#x546;&#x575;&#x578;&#x582; &#x545;&#x578;&#x580;&#x584;: </subfield>
    <subfield code="b">&#x531;&#x57C;&#x561;&#x57B;&#x576;&#x578;&#x580;&#x564;&#x561;&#x580;&#x561;&#x576; &#x540;&#x561;&#x575;&#x578;&#x581; &#x546;&#x56B;&#x582; &#x535;&#x578;&#x580;&#x584;, </subfield>
    <subfield code="c">1982.</subfield>
  </datafield>
  <datafield tag="300" ind1=" " ind2=" ">
    <subfield code="a">&#x540;.</subfield>
    <subfield code="b">1 &#x564;&#x56B;&#x574;.; </subfield>
    <subfield code="c">23,5 &#x57D;&#x574;.</subfield>
  </datafield>
  <datafield tag="505" ind1=" " ind2=" ">
    <subfield code="a">&#x540;. &#x535; - </subfield>
    <subfield code="t">&#x544;&#x561;&#x57D; &#x531;. - &#x531;&#x576;&#x561;&#x570;&#x56B;&#x57F; &#x548;&#x57D;&#x56F;&#x565;&#x561;&#x576; &#x544;&#x561;&#x57D; &#x532;. - &#x54D;&#x563;&#x561;&#x582;&#x578;&#x580; &#x561;&#x57C;&#x56B;&#x582;&#x56E; &#x533;&#x565;&#x582;&#x585;&#x576;, </subfield>
    <subfield code="g">1982. - 332 &#x567;&#x57B;: </subfield>
  </datafield>
  <datafield tag="650" ind1=" " ind2=" ">
    <subfield code="a">&#x54D;&#x583;&#x575;&#x578;&#x582;&#x57C;&#x584;&#x561;&#x570;&#x561;&#x575; &#x563;&#x580;&#x561;&#x56F;&#x561;&#x576;&#x578;&#x582;&#x569;&#x575;&#x578;&#x582;&#x576;</subfield>
    <subfield code="x">&#x584;&#x561;&#x572;&#x561;&#x584;&#x561;&#x56F;&#x561;&#x576; &#x57E;&#x565;&#x57A;</subfield>
    <subfield code="y">19-&#x580;&#x564; &#x564;.</subfield>
  </datafield>
  <datafield tag="650" ind1=" " ind2=" ">
    <subfield code="a">&#x540;&#x561;&#x575; &#x563;&#x580;&#x561;&#x56F;&#x561;&#x576;&#x578;&#x582;&#x569;&#x575;&#x578;&#x582;&#x576;</subfield>
    <subfield code="x">&#x57E;&#x565;&#x57A;</subfield>
    <subfield code="x">&#x570;&#x565;&#x572;&#x561;&#x583;&#x578;&#x56D;&#x561;&#x56F;&#x561;&#x576; &#x577;&#x561;&#x580;&#x56A;&#x578;&#x582;&#x574;</subfield>
  </datafield>
  <datafield tag="942" ind1=" " ind2=" ">
    <subfield code="2">udc</subfield>
    <subfield code="c">BK</subfield>
  </datafield>
  <datafield tag="999" ind1=" " ind2=" ">
    <subfield code="c">47524</subfield>
    <subfield code="d">47524</subfield>
  </datafield>
  <datafield tag="952" ind1=" " ind2=" ">
    <subfield code="0">0</subfield>
    <subfield code="1">0</subfield>
    <subfield code="2">udc</subfield>
    <subfield code="4">0</subfield>
    <subfield code="7">0</subfield>
    <subfield code="8">&#x533;&#x580;&#x561;&#x57A;&#x561;&#x570;&#x578;&#x581;</subfield>
    <subfield code="a">SEM</subfield>
    <subfield code="b">SEM</subfield>
    <subfield code="d">2015-12-15</subfield>
    <subfield code="i">497</subfield>
    <subfield code="l">0</subfield>
    <subfield code="o">891.981-3/&#x544;-16</subfield>
    <subfield code="p">497</subfield>
    <subfield code="r">2014-11-16</subfield>
    <subfield code="w">2022-06-08</subfield>
    <subfield code="y">BK</subfield>
    <subfield code="z">&#x57D;&#x57A;&#x561;&#x57D;&#x561;&#x580;&#x56F;&#x57E;&#x578;&#x582;&#x574; &#x567; &#x568;&#x576;&#x569;&#x565;&#x580;&#x581;&#x561;&#x57D;&#x580;&#x561;&#x570;</subfield>
  </datafield>
</record>
